Introduction to operations research concepts and cases (Record no. 139303)

000 -LEADER
fixed length control field 00290nmm a2200097Ia 4500
008 - FIXED-LENGTH DATA ELEMENTS--GENERAL INFORMATION
fixed length control field 220120s9999||||xx |||||||||||||||||und||
082 ## - DEWEY DECIMAL CLASSIFICATION NUMBER
Classification number 003 HIL
100 ## - MAIN ENTRY--PERSONAL NAME
Personal name Hillier, Frederick, S. and Lieberman, Gerald, J
245 #0 - TITLE STATEMENT
Title Introduction to operations research concepts and cases
260 ## - PUBLICATION, DISTRIBUTION, ETC.
Date of publication, distribution, etc. 2005
Holdings
Withdrawn status Lost status Damaged status Not for loan Home library Current library Date acquired Barcode Date last seen Price effective from Koha item type
        Central Library Central Library 01/20/2022 CD854 01/20/2022 01/20/2022 Compact Disc

Powered by Koha